Normal view
MARC view
- Laurens, Stephanie.
Entry Personal Name
001 - CONTROL NUMBER
- control field: 14314
003 - CONTROL NUMBER IDENTIFIER
- control field: NUST
005 - DATE AND TIME OF LATEST TRANSACTION
- control field: 20190515075132.0
008 - FIXED-LENGTH DATA ELEMENTS
- fixed length control field: 190515|| aca||aabn | a|a d
040 ## - CATALOGING SOURCE
- Original cataloging agency: NUST
- Transcribing agency: NUST
100 ## - HEADING--PERSONAL NAME
- Personal name: Laurens, Stephanie.
670 ## - SOURCE DATA FOUND
- Source citation: Work cat.: (NUST)0: Laurens, Stephanie., A fine passion /, 2005.
